Bioseguridad en la industria avícola (Registro nro. 3913)

Detalles MARC
000 -CABECERA
Campo de control 00771nam a2200241 a 4500
005 - FECHA Y HORA DE LA ULTIMA TRANSACCION
Campo de control 20160225175224.0
008 - ELEMENTOS DE LONGITUD FIJA—INFORMACION GENERAL
Campo de control 140312t2000 ck ao fr|||| 000 0 spa d
020 ## - ISBN
ISBN 958331255X
040 ## - FUENTE DE CATALOGACIÓN
Agencia catalogadora original CO-BoIAVH
Agencia transcriptora CO-BoIAVH
041 0# - IDIOMA
Código de idioma para texto/pista de sonido o título separado Español
044 ## - PAÍS DE PUBLICACIÓN
País de publicación Colombia
082 04 - NUMERO DE CLASIFICACION DECIMAL DEWEY
Número de clasificación 660.6
Número del ítem B61b2
245 00 - MENCION DE TITULO
Título Bioseguridad en la industria avícola
250 ## - MENCION DE EDICION
Mención de edición Segunda edición
260 ## - PUBLICACION, DISTRIBUCION, ETC. (PIE DE IMPRENTA)
Lugar de publicación, distribución, etc. Bogotá :
Nombre del editor, distribuidor, etc. FENAVI :
-- FONAV ,
Fecha de publicación, distribución, etc. 2000.
300 ## - DESCRIPCION FISICA
Extensión 246 páginas :
Otros detalles físicos Ilustraciones (algunas a color), fotografías a color ;
Dimensiones 28 x 21 cm.
650 16 - ASIENTO SECUNDARIO DE MATERIA - TERMINO TEMATICO
Término temático o nombre geográfico como elemento de entrada Bioseguridad
9 (RLIN) 62768
650 26 - ASIENTO SECUNDARIO DE MATERIA - TERMINO TEMATICO
Término temático o nombre geográfico como elemento de entrada Industria avícola
Subdivisión general Historia
Subdivisión geográfica Colombia.
9 (RLIN) 62769
650 26 - ASIENTO SECUNDARIO DE MATERIA - TERMINO TEMATICO
Término temático o nombre geográfico como elemento de entrada Actividad avícola
9 (RLIN) 55618
700 1# - ASIENTO SECUNDARIO - NOMBRE PERSONAL
Nombre personal Meek Muñoz, Elizabeth
9 (RLIN) 11803
700 1# - ASIENTO SECUNDARIO - NOMBRE PERSONAL
Nombre personal Aldana Navarrete, Huga
9 (RLIN) 21049
942 ## - ELEMENTOS ADICIONALES (KOHA)
Tipo de ítem Libro
Sistema de clasificación Dewey Decimal Classification
Existencias
Withdrawn status Lost status Sistema de Clasificación Damaged status No para préstamo Colección Inventariado Ubicación Permanente Ubicación actual Fecha de adquisición Fuente de Valor Valor Total Checkouts Número topográfico Inventario / Código de Barras Date last seen Ejemplar Price effective from Forma de adquisición Tipo de material
    Dewey Decimal Classification     General Inventariado 2017 Bogotá Bogotá 08/06/2004 Instituto 15000.00   LB-660.6 B61b2 016003 04/12/2012 Ej. 1 04/12/2012   Libro